000 05008namaa22004211i 4500
003 EG-GICUC
005 20260310121825.0
008 260228s2023 ua a|||frm||| 000 0 eng d
040 _aEG-GICUC
_beng
_cEG-GICUC
_dEG-GICUC
_erda
041 0 _aeng
_beng
_bara
049 _aDeposit
082 0 4 _a330
092 _a330
_221
097 _aM.Sc
099 _aCai01.03.02.M.Sc.2023.Ma.I
100 0 _aMai Nabil AlSebay Shalaby,
_epreparation.
245 1 4 _aThe impact of innovation in Information and Communication Technologies (ICT) on the Egyptian Economy compared with selected EU countries, with reference to E-commerce /
_cby Mai Nabil AlSebay Shalaby ; Supervisor Prof. Dr. Adla Ragab.
246 1 5 _aأثر الابتكارات التكنولوجية على الاقتصاد المصري مقارنة بدول مختارة من الاتحاد الأوروبي- مع الإشارة إلى التجارة الإلكترونية
264 0 _c2023.
300 _a148 pages :
_billustrations ;
_c25 cm. +
_eCD.
336 _atext
_2rda content
337 _aUnmediated
_2rdamedia
338 _avolume
_2rdacarrier
502 _aThesis (M.Sc)-Cairo University, 2025.
504 _aBibliography: pages 118-136.
520 3 _aThe ICT innovations stand as the backbone for many sectors and businesses, which has resulted in the diffusion of new applications and business models. The European Union explores the benefits of ICT innovation, works on maximizing/optimizing the potential, and tries to overcome any obstacle that undermines the impact of these innovations on the economy. Therefore, the study examines the relation between the ICT innovations (the e-commerce as an application) and the economic growth and development in Egypt, by tapping into the EU experience as a benchmark. On the other hand, determining the ability of the Egyptian Economy to join the “Digital Economy”, to play a role in pushing and enabling other changes in different sectors, to make them more innovative and economically effective.
520 3 _aتعتبر الابتكار في مجال تكنولوجيا المعلومات والاتصالات المصدر المغذي للابتكار في جميع القطاعات الاقتصادية، وبالتالي فهي تعتبر المحرك الأساسي للنمو الاقتصادي والتنمية الاقتصادية. في هذا الإطار؛ تشير الدراسات الاقتصادية إلى تفوق الاتحاد الأوروبي في مجال الاستفادة من الفرص والعوائد الناجمة عن تلك الابتكارات. و بناء على ماسبق ، أصبح الاتحاد الأوروبي نموذج محوري و أداء لقياس أداء وتطور الاقتصاديات الناشئة ، ومنها الاقتصاد المصريتهدف الدراسة إلى تحليل دور وأهمية الابتكار في مجال تكنولوجيا المعلومات والاتصالات (و تعتبرالتجارة الإلكترونية مثال للتطبيقات سابقة الذكر) في النمو والتنمية الاقتصادية في مصر، وذلك بالقياس و المقارنة بتجربة الاتحاد الأوروبي، و ذلك للوقوف على الفجوة بين التجربتين. كما تتناول الدراسة العوامل التي قد تقيد الاستفادة الاقتصادية من تلك الابتكارات، وذلك بهدف استخلاص الدروس المستفادة. و بناء عليه، تتمثل أهمية الدراسة في تحليل قدرة الاقتصاد المصري على تحويل مختلف القطاعات الاقتصادية إلى قطاعات رقمية، مبتكرة ، وفاعلة اقتصاديًا؛ بالإضافة إلى تقديم تقييم "للنظام الأيكولوجي" المؤثر في كفاءة و تطور تلك الابتكارات، مما سيخدم عملية التطوير وصنع القرار في المجال سابق الذكر، و ذلك باستخدام المنهج الوصفي للمقارنة بين التجربة الأروبية و التجربة المصرية، بالإضافة إلى استخدام الاستبيانات و المقابلات الشخصية للتعرف على أهمية و دور تلك الابتكارات ( التكنولوجيا المالية) على الاقتصاد المصري.
530 _aIssues also as CD.
546 _aText in English and abstract in Arabic & English.
650 0 _aEconomics
650 0 _aالأقتصاد
653 1 _aThe impact of ICT Innovation on the Egyptian Economy
_aAI-Cloud Computing
_aFintech
700 0 _aAdla Ragab
_ethesis advisor.
900 _b01-01-2023
_cAdla Ragab
_UCairo University
_FFaculty of Economics & Political Science
_DDepartment of Economic
905 _aShimaa
_eEman Ghareb
942 _2ddc
_cTH
_e21
_n0
999 _c178771